El casamiento engañoso ; (Record no. 43486)

MARC details
000 -LEADER
campo de control de longitud fija 01054nam a2200253 i 4500
001 - NÚMERO DE CONTROL
campo de control 43486
003 - IDENTIFICADOR DE NÚMERO DE CONTROL
campo de control ES-MaACL
005 - FECHA Y HORA DE LA ÚLTIMA TRANSACCIÓN
campo de control 20251120142802.0
007 - CAMPO FIJO DE DESCRIPCIÓN FÍSICA--INFORMACIÓN GENERAL
campo de control de longitud fija t|
008 - DATOS DE LONGITUD FIJA--INFORMACIÓN GENERAL
campo de control de longitud fija 030318s1918 sp ||||1| spa d
080 ## - NÚMERO DE LA CLASIFICACIÓN DECIMAL UNIVERSAL
Número de la Clasificación Decimal Universal 821.134.2-32"15"
100 1# - ENTRADA PRINCIPAL--NOMBRE DE PERSONA
Nombre de persona Cervantes Saavedra, Miguel de,
Fechas asociadas al nombre 1547-1616
9 (RLIN) 226514
245 13 - MENCIÓN DEL TÍTULO
Título El casamiento engañoso ;
Resto del título y Coloquio de los perros /
Mención de responsabilidad, etc. novelas de Miguel de Cervantes Saavedra ; edición anotada por Francisco Rodríguez Marín.
246 3# - FORMA VARIANTE DEL TITULO
Título propio/Titulo breve Coloquio de los perros
260 ## - PUBLICACIÓN, DISTRIBUCIÓN, ETC.
Lugar de publicación, distribución, etc. Madrid :
Nombre del editor, distribuidor, etc. [s.n.],
Fecha de publicación, distribución, etc. 1918 (
Fabricante Tip. de la "Revista de Archivos")
300 ## - DESCRIPCIÓN FÍSICA
Extensión 235 p. ;
Dimensiones 20 cm.
530 ## - NOTA DISPONIBLE DE FORMULARIO FÍSICO ADICIONAL
Nota de formato físico adicional disponible Disponible en formato digital.
600 14 - PUNTO DE ACCESO ADICIONAL DE MATERIA--NOMBRE DE PERSONA
Nombre de persona Cervantes Saavedra, Miguel de,
Fechas asociadas al nombre 1547-1616.
Título de la obra El coloquio de los perros
9 (RLIN) 173127
700 1# - ENTRADA AGREGADA--NOMBRE PERSONAL
Nombre de persona Rodríguez Marín, Francisco,
Fechas asociadas al nombre 1855-1943
9 (RLIN) 98634
852 ## - LOCALIZACIÓN
Ubicación ES-MaACL
Número de control de estantería F-10938
Ubicación en estantería Sala Pecera Planta 2
Nota libre Revisado enlace: 11 de julio de 2025
856 4# - LOCALIZACIÓN Y ACCESO ELECTRÓNICOS
Identificador Uniforme de Recursos <a href="https://archive.org/details/elcasamientoeng00cerv/page/12/mode/2up">https://archive.org/details/elcasamientoeng00cerv/page/12/mode/2up</a>
Texto de enlace Internet Archive
942 ## - ELEMENTOS DE ENTRADA SECUNDARIOS (KOHA)
Fuente del sistema de clasificación o colocación Clasificación decimal universal
Holdings
Estatus retirado Estado de pérdida Estado de daño No para préstamo Colección Biblioteca de origen Biblioteca actual Ubicación en estantería Fecha de adquisición Fuente de adquisición Total de préstamos Signatura topográfica completa Código de barras Visto por última vez Precio de reemplazo Tipo de ítem Koha
        Colección digital Biblioteca del Ateneo de Madrid Biblioteca del Ateneo de Madrid Sala Pecera Planta 2 17/01/2008     F-10938 1045781 23/02/2023 23/02/2023 Libro impreso